Normale Ansicht MARC-Ansicht ISBD

Ansichten, Einsichten, Aussichten (Titelsatznr. 56956)

[ MARC ]
MARC-Details
000 -Satzkennung
Kontrollfeld mit fester Länge 01867nam a2200493 c 4500
001 - Kontrollnummer
Kontrollfeld BV009822467
003 - Kontrollnummer Identifier
Kontrollfeld DE-604
005 - Datum und Zeit der letzten Transaktion
Kontrollfeld 20210708171122.0
007 - Feld mit fester Länge zur physischen Beschreibung - Allgemeine Information
Kontrollfeld mit fester Länge t
008 - Feld mit fester Länge zur physischen Beschreibung - Allgemeine Angaben
Kontrollfeld mit fester Länge 940905s1994 gw |||| 00||| ger d
016 7# - Kontrollnummer der nationalbibliografischen Agentur
Datensatzkontrollnummer 94183929X
Quelle DE-101
020 ## - Internationale Standardbuchnummer
Internationale Standardbuchnummer 3928999311
Verknüpfung 3-928999-31-1
035 ## - Systemkontrollnummer
System-Kontrollnummer (OCoLC)36484530
035 ## - Systemkontrollnummer
System-Kontrollnummer (DE-599)BVBBV009822467
040 ## - Katalogisierungsquelle
Original-Katalogisierungsstelle DE-604
Katalogisierungssprache ger
Übertragungsstelle RU-10907106
041 0# - Sprachcode
Sprachcode des Textes/der Tonspur oder des separaten Titels ger
100 1# - Haupteintragung - Personenname
Personenname Eberlein, Werner
Funktionsbezeichnung Verfasser
Funktionsbezeichnungscode aut
245 10 - Titel
Titel Ansichten, Einsichten, Aussichten
Verfasserangabe etc. Werner Eberlein
264 #1 - Produktion, Veröffentlichung, Distribution, Herstellung und Urheberrechtsvermerk
Herstellungs-, Veröffentlichungs- Vertriebs-, Erzeugungsort Berlin
Produzent, Herausgeber, Distributor, Hersteller Spotless-Verl.
Datum der Herstellung, der Veröffentlichung, des Vertriebs oder des Urheberschutzvermerks 1994
300 ## - Physische Beschreibung
Umfang 96 Seiten
336 ## - Inhaltstyp
Inhaltstypterm Text
Inhaltstypcode txt
Quelle rdacontent
337 ## - Medientyp
Bezeichnung des Medientyps ohne Hilfsmittel zu benutzen
Medientypcode n
Quelle rdamedia
338 ## - Datenträgertyp
Datenträgertypbezeichnung Band
Datenträgertypcode nc
Quelle rdacarrier
600 17 - Nebeneintragung unter einem Schlagwort - Personenname
Personenname Eberlein, Werner
Datumsangaben in Verbindung mit einem Namen 1919-2002
IDN des Normdatensatzes oder Standardnummer (DE-588)119275554
Quelle der Ansetzung oder des Terms gnd
Koha-Normdatenidentnummer rswk-swf
610 17 - Nebeneintragung unter einem Schlagwort - Körperschaftsname
Körperschafts- oder Gebietskörperschaftsname als Eintragungselement Partei des Demokratischen Sozialismus
Quelle der Ansetzung oder des Terms gnd
610 24 - Nebeneintragung unter einem Schlagwort - Körperschaftsname
Körperschafts- oder Gebietskörperschaftsname als Eintragungselement Sozialistische Einheitspartei Deutschlands.
Untergeordnete Körperschaft Zentralkomitee.
-- Politbüro
Unterteilung nach Form Biography
650 #7 - Nebeneintragung unter einem Schlagwort - Sachschlagwort
Sachschlagwort oder geografischer Name als Eintragungselement Kommunistische Partei, Führung
Quelle der Ansetzung oder des Terms fes
650 #7 - Nebeneintragung unter einem Schlagwort - Sachschlagwort
Sachschlagwort oder geografischer Name als Eintragungselement Sozialistische Partei, Führung
Quelle der Ansetzung oder des Terms fes
650 #4 - Nebeneintragung unter einem Schlagwort - Sachschlagwort
Sachschlagwort oder geografischer Name als Eintragungselement Politik
650 #4 - Nebeneintragung unter einem Schlagwort - Sachschlagwort
Sachschlagwort oder geografischer Name als Eintragungselement Communists
Geografische Unterteilung Germany (East)
Unterteilung nach Form Biography
650 #4 - Nebeneintragung unter einem Schlagwort - Sachschlagwort
Sachschlagwort oder geografischer Name als Eintragungselement Politicians
Geografische Unterteilung Germany (East)
Unterteilung nach Form Biography
650 07 - Nebeneintragung unter einem Schlagwort - Sachschlagwort
Sachschlagwort oder geografischer Name als Eintragungselement Interview
IDN des Normdatensatzes oder Standardnummer (DE-588)4027503-6
Quelle der Ansetzung oder des Terms gnd
Koha-Normdatenidentnummer rswk-swf
650 07 - Nebeneintragung unter einem Schlagwort - Sachschlagwort
Sachschlagwort oder geografischer Name als Eintragungselement Geschichte
IDN des Normdatensatzes oder Standardnummer (DE-588)4020517-4
Quelle der Ansetzung oder des Terms gnd
Koha-Normdatenidentnummer rswk-swf
650 07 - Nebeneintragung unter einem Schlagwort - Sachschlagwort
Sachschlagwort oder geografischer Name als Eintragungselement Funktionär
IDN des Normdatensatzes oder Standardnummer (DE-588)4125974-9
Quelle der Ansetzung oder des Terms gnd
Koha-Normdatenidentnummer rswk-swf
650 07 - Nebeneintragung unter einem Schlagwort - Sachschlagwort
Sachschlagwort oder geografischer Name als Eintragungselement Vergangenheitsbewältigung
IDN des Normdatensatzes oder Standardnummer (DE-588)4061672-1
Quelle der Ansetzung oder des Terms gnd
Koha-Normdatenidentnummer rswk-swf
650 07 - Nebeneintragung unter einem Schlagwort - Sachschlagwort
Sachschlagwort oder geografischer Name als Eintragungselement Staatssozialismus
IDN des Normdatensatzes oder Standardnummer (DE-588)4182676-0
Quelle der Ansetzung oder des Terms gnd
Koha-Normdatenidentnummer rswk-swf
651 #4 - Nebeneintragung unter einem Schlagwort - Geografischer Name
Geografischer Name Germany (East)
Allgemeine Unterteilung Politics and government
651 #7 - Nebeneintragung unter einem Schlagwort - Geografischer Name
Geografischer Name Deutschland
Sonstige Informationen DDR
IDN des Normdatensatzes oder Standardnummer (DE-588)4011890-3
Quelle der Ansetzung oder des Terms gnd
Koha-Normdatenidentnummer rswk-swf
655 #7 - Indexierungsterm - Genre/Form
IDN des Normdatensatzes
Genre/Form oder fokussierter Term Biografie
Quelle der Ansetzung oder des Terms gnd-content
655 #7 - Indexierungsterm - Genre/Form
IDN des Normdatensatzes
Genre/Form oder fokussierter Term Erlebnisbericht
Quelle der Ansetzung oder des Terms gnd-content
655 #7 - Indexierungsterm - Genre/Form
Genre/Form oder fokussierter Term Autobiografie
Quelle der Ansetzung oder des Terms fes
655 #7 - Indexierungsterm - Genre/Form
Genre/Form oder fokussierter Term Interview
Quelle der Ansetzung oder des Terms fes
942 ## - Zusätzliche Felder (Koha)
Klassifikation oder Aufstellungssystematik Andere/Generische Klassifikation
Koha-Medientyp Monographien
Exemplare
Ausgeschieden Verloren Klassifikation oder Aufstellungssystematik Beschädigt Nicht entleihbar Heimatbibliothek Aufenthaltsbibliothek Aufstellungsort Erwerbungsdatum Inventarnummer Signatur Barcode Letzte Aktivität Preis gültig von Koha-Medientyp
    Andere/Generische Klassifikation     MWN Osteuropa MWN Osteuropa Lesesaal - 1 08/07/2021 21-01353 D 54 k Ebe E00401082D371025 08/07/2021 08/07/2021 Monographien